Globálny vývoj hotelového biznisu

Vážna recesia v hotelierskom odvetví po teroristickom útoku v roku 2001. Rast výnosov v najmenšom segmente - v luxusných hoteloch od roku 2003 do 2007. Dizajn ako súčasť luxusu. V štýle vedie Starwood Hotels and Resorts. Globálni lídri - ICHG a Marriot. Súkromie luxusom. Zelená je v móde.

Guardado en:
Detalles Bibliográficos
Autor principal: Mištík, Richard
Formato: Capítulo de libro
Lenguaje:eslovaco
Materias:
Etiquetas: Agregar Etiqueta
Sin Etiquetas, Sea el primero en etiquetar este registro!

MARC

LEADER 00000naa$a2200000$$$4500
001 0080539
005 20231009111426.5
041 0 |a slo 
044 |a SK 
245 1 0 |a Globálny vývoj hotelového biznisu  |c Richard Mištík 
520 |a Vážna recesia v hotelierskom odvetví po teroristickom útoku v roku 2001. Rast výnosov v najmenšom segmente - v luxusných hoteloch od roku 2003 do 2007. Dizajn ako súčasť luxusu. V štýle vedie Starwood Hotels and Resorts. Globálni lídri - ICHG a Marriot. Súkromie luxusom. Zelená je v móde. 
610 2 0 |a hotely 
610 2 0 |a hotelierstvo 
610 2 0 |a ubytovanie 
610 2 0 |a značky kvality 
610 2 0 |a dizajn 
610 2 0 |a zákazníci 
610 2 0 |a bioprodukty 
610 2 0 |a ekológia 
610 2 0 |a vývoj 
100 1 |a Mištík, Richard